Sports Quiz

Random Sports Quiz

Champions League Final Goal scorers Quiz Stats

 Plays Quiz not verified by Sporcle

Challenge
Share
Tweet
Embed
Score 0/60 Timer 07:00
0 Plays Today
Club Enter Player % Correct
Real MadridChristiano Ronaldo
97.8%
Real MadridChristiano Ronaldo
97.8%
Manchester UnitedChristiano Ronaldo
97.2%
Real MadridChristiano Ronaldo
97.2%
BarcelonaLionel Messi
96.5%
BarcelonaLionel Messi
96.5%
LiverpoolSteven Gerrard
93.1%
ChelseaDidier Drogba
92.4%
Real MadridSergio Ramos
91.9%
BarcelonaNeymar Jr
91%
Real MadridGareth Bale
89.6%
BarcelonaLuis Suarez
89.6%
Real MadridZinedine Zidane
88.9%
Manchester UnitedWayne Rooney
87.5%
Real MadridSergio Ramos
87.5%
Bayern MunichArjen Robben
84.7%
BarcelonaSamuel Eto'o
84%
BarcelonaSamuel Eto'o
84%
AC MilanFilippo Inzaghi
83.3%
AC MilanFilippo Inzaghi
83.3%
LiverpoolSadio Mane
83.3%
Real MadridGareth Bale
83.3%
Real MadridGareth Bale
83.3%
LiverpoolXabi Alonso
82.6%
Real MadridRaul
81.9%
Real MadridRaul
81.9%
ChelseaFrank Lampard
81.3%
Bayern MunichThomas Muller
81.3%
JuventusMario Mandzukic
80.4%
BarcelonaDavid Villa
79.9%
Club Enter Player % Correct
AC MilanPaolo Maldini
78.5%
AC MilanHernan Crespo
77.8%
AC MilanHernan Crespo
77.8%
Manchester UnitedTeddy Sheringham
77.1%
BarcelonaPedro Rodriguez
77.1%
Inter MilanDiego Milito
76.4%
Inter MilanDiego Milito
76.4%
Manchester UnitedOle Gunnar Solskjaer
74.3%
LiverpoolVladimir Smicer
74.3%
ArsenalSol Campbell
72.9%
Atletico MadridDiego Godin
72.2%
PortoDeco
70.1%
Real MadridMarcelo Vieira
70.1%
JuventusAlvaro Morata
69.4%
BarcelonaIvan Rakitic
68.1%
LiverpoolDirk Kuyt
65.3%
Real MadridFernando Morientes
63.9%
BarcelonaJuliano Belletti
63.9%
Bayern MunichMario Mandzukic
63.9%
Real MadridCasemiro
56.5%
Real MadridSteve McManaman
55.6%
Borussia DortmundIlkay Gundogan
53.5%
Atletico MadridYannick Ferreira Carrasco
53.2%
Bayern MunichMario Basler
51.4%
Real MadridKarim Benzema
50%
ValenciaGaizko Mendieta
43.8%
Bayern MunichStefan Effenberg
41%
Bayer LeverkusenLucio
37.5%
PortoCarlos Alberto
34.7%
PortoDmitri Alenichev
26.4%

You're not logged in!

Compare scores with friends on all Sporcle quizzes.
OR
Log In

You Might Also Like...

Show Comments

Extras

Top Quizzes Today


Score Distribution

Your Account Isn't Verified!

In order to create a playlist on Sporcle, you need to verify the email address you used during registration. Go to your Sporcle Settings to finish the process.

Report this User

Report this user for behavior that violates our Community Guidelines.

Details: